| 000 | 00675nam a2200217 i 4500 | ||
|---|---|---|---|
| 001 | 15022 | ||
| 003 | ES-MaACL | ||
| 005 | 20231222205015.0 | ||
| 007 | t| | ||
| 008 | 991202s1995 xxk ||||1| eng d | ||
| 020 | _a1-86046-062-3 | ||
| 080 | _a821.134.2-31"19 | ||
| 100 | 1 |
_aMartín Gaite, Carmen, _d1925-2000 _977496 |
|
| 245 | 1 | 0 |
_aVariable cloud / _cCarmen Martín Gaite ; translated from the Spanish by Margaret Jull Costa. |
| 246 | 3 | _aNubosidad variable | |
| 260 |
_aLondon : _bThe Harvill Press, _c[1995] |
||
| 300 |
_a374 p. ; _c22 cm. |
||
| 700 | 1 |
_aJull Costa, Margaret. _967254 |
|
| 852 |
_aES-MaACL _jL-22186 _bR.127492 |
||
| 999 |
_c15022 _d15022 |
||